{"text_format":"3","workbook":"xls","n_sheets":2,"sheets":["Medicamentos","Materales"],"not_rendered":{"images":2},"read":"whole","date_system":"1900","formulas":"cached_only"}

{"sheet":"Medicamentos","index":0,"n_rows":117,"n_cols":8,"rows_kept":117,"merged":[[4,1,5,1],[4,2,5,2],[4,3,5,3],[4,4,5,4],[4,5,5,5],[4,6,5,6],[4,7,5,7],[8,1,8,4],[8,6,8,7],[9,1,9,2],[110,4,110,6],[116,2,116,3],[116,5,116,7]],"flags":["formulas_cached_only"]}
["A1:H5A1:H61"]
[]
[]
[]
[]
[]
[]
[null,null,"Servicio Nacional de salud"]
["ESTABLECIMIENTO:","HOSPITAL MUNICIPAL JOSE CONTRERAS",{"$nulls":3},"REGION :","II"]
["ALMACEN:","FARMACIA",null,"MES:                                                                          ","OCTUBRE ",null,"AÑO:",2025]
[]
[]
["ARTICULOS                 -1-","UNIDAD","EXISTENCIA        ANTERIOR              -3-    ","ENTRADA             -4-  ","EXISTENCIA FINAL                 -5-","TOTAL CONSUMIDO          (3+4)-5              -6-","VALOR UNITARIO          -7-","VALOR TOTAL  (6X7)                 -8-"]
["ACETAMINOFEN","CAJA ",200,980,580,600,0.25,{"v":150,"d":"150.00"}]
["ACETAMINOFEN","GOTAS",0,0,0,0,{"v":15,"d":"15.00"},0]
["ACETAMINOFEN","FRASCO",0,0,0,0,{"v":15,"d":"15.00"},0]
["ACETAMINOFEN","SUPOSITORIO",0,0,0,0,{"v":3,"d":"3.00"},0]
["ACIDO ASCORBICO","AMPOLLA",550,0,300,250,{"v":2,"d":"2.00"},{"v":500,"d":"500.00"}]
["ACIDO FOLICO","TABLETA",0,0,0,0,1,0]
["ACIDO FOLICO + VITANINA B12","FRASCO",0,0,0,0,34.1,0]
["AGUA DESTILADA","GALON",10,10,16,4,{"v":280,"d":"280.00"},{"v":1120,"d":"1,120.00"}]
["AGUA PARA INYECTAR 10MG","AMPOLLA",0,0,0,0,{"v":1.6,"d":"1.60"},0]
["AGUA PARA INYECTAR 5MG","AMPOLLA",250,500,460,290,{"v":1.6,"d":"1.60"},{"v":464,"d":"464.00"}]
["AMBROXOL","FRASCO",0,0,0,0,{"v":112,"d":"112.00"},0]
["AMIKACINA","AMPOLLA",300,0,250,50,{"v":7,"d":"7.00"},{"v":350,"d":"350.00"}]
["AMOXICILINA + ACIDO CLABULANICO","TABLETA",0,300,50,250,4.79,{"v":1197.5,"d":"1,197.50"}]
["AMOXICILINA + ACIDO CLABULANICO","SUSPENCION",0,100,80,20,51.99,{"v":1039.8,"d":"1,039.80"}]
["Amoxicilina 500mg","TABLETA",0,0,0,0,0.97,0]
["Amoxicilina suspencion","FRASCO",0,0,0,0,0.24,0]
["AMPICILINA","AMPOLLA",0,0,0,0,{"v":7,"d":"7.00"},0]
["ANTITOXINA TETANICA","AMPOLLA",20,10,3,27,{"v":453,"d":"453.00"},{"v":12231,"d":"12,231.00"}]
["ASPIRINA 81 MG","TABLETA",400,100,250,250,0.14,{"v":35,"d":"35.00"}]
["Atenolol 100 mg","TABLETA",0,0,0,0,0.24,0]
["ATROPINA","AMPOLLA",25,25,25,25,{"v":7.5,"d":"7.50"},{"v":187.5,"d":"187.50"}]
["CARBAMAZEPINA","TABLETA",600,0,400,200,0.67,{"v":134,"d":"134.00"}]
["CEFALEXINA","CAPSULA",0,0,0,0,1.84,0]
["CEFALEXINA ","SUSPENCION",0,0,0,0,32.56,0]
["CETRIAZONA","AMPOLLA",400,0,210,190,{"v":13,"d":"13.00"},{"v":2470,"d":"2,470.00"}]
["CIPRO INFUSION","AMPOLLA",90,0,84,6,{"v":23,"d":"23.00"},{"v":138,"d":"138.00"}]
["CIPROFLOXACINA","CAPSULA",0,0,0,0,1.84,0]
["Ciprofloxacina p","TABLETA",0,0,0,0,{"v":1.9,"d":"1.90"},0]
["Glibeclamina 5 MG","TABLETA",30,0,10,20,2.66,{"v":53.2,"d":"53.20"}]
["CLOTRIMAZOL","OVULO",0,0,0,0,1.38,0]
["CLOTRIMAZOL CREMA","TUBO",0,0,0,0,8.01,0]
["COMPLEJO B 1 V","AMPOLLA",750,200,600,350,{"v":15,"d":"15.00"},{"v":5250,"d":"5,250.00"}]
["DESTROXA + CLORUROS","FRASCO",130,0,125,5,{"v":22,"d":"22.00"},{"v":110,"d":"110.00"}]
["DEXAMETAXONA","AMPOLLA",700,0,600,100,{"v":2,"d":"2.00"},{"v":200,"d":"200.00"}]
["DEXTROSA 3370","FRASCO",75,0,74,1,22.18,22.18]
["DEXTROSA + CLORUROS","FRASCO",0,0,0,0,{"v":24,"d":"24.00"},0]
["DEXTROSA 5%","FRACO",75,0,73,2,22.18,44.36]
["DEXTROSA 50%","AMPOLLA",150,null,null,150,{"v":17,"d":"17.00"},{"v":2550,"d":"2,550.00"}]
["DEXTROXA EN RINGER","FRASCO",100,0,75,25,{"v":23.9,"d":"23.90"},{"v":597.5,"d":"597.50"}]
["DICLOFENAC","AMPOLLA",500,500,560,440,1.27,{"v":558.8,"d":"558.80"}]
["DICLOFENAC","TABLETA",0,0,0,0,0.12,0]
["DIFENHINDRAMINA","FRASCO",100,0,75,25,11.25,281.25]
["Dimehidrinate","FRASCO",1000,500,900,600,6.01,{"v":3606,"d":"3,606.00"}]
["DIPIRONA","AMPOLLA",100,0,60,40,{"v":2,"d":"2.00"},{"v":80,"d":"80.00"}]
["Enalapril 20mg","FRASCO",0,0,0,0,{"v":0.2,"d":"0.20"},0]
["FEDRAMINA","AMPOLLA",800,0,500,300,6.15,{"v":1845,"d":"1,845.00"}]
["Fluconazol p","CAPSULA",80,0,75,5,1.96,{"v":9.8,"d":"9.80"}]
["FUROSEMIDA","AMPOLLA",200,0,120,80,{"v":2,"d":"2.00"},{"v":160,"d":"160.00"}]
["Furosemida 40mg","TABLETA",0,0,0,0,0.32,0]
["GENTAMICINA","AMPOLLA",600,0,580,20,{"v":2,"d":"2.00"},{"v":40,"d":"40.00"}]
["Hidroclorteazida","TABLETA",0,0,0,0,0.13,0]
["HIDROCORTIXONA","FRASCO",0,0,0,0,{"v":8,"d":"8.00"},0]
["HIDROCORTIXONA","AMPOLLA",1000,500,850,650,17.17,{"v":11160.500000000002,"d":"11,160.50"}]
["HIERRO DEXTRAMO","AMPOLLA",0,0,0,0,6.76,0]
["Ibuprofen","TABLETA",0,0,0,0,0.96,0]
["Insulina 70/30","FRASCO",20,60,55,25,104.28,{"v":2607,"d":"2,607.00"}]
["Insulina MPH","FRASCO",80,0,70,10,104.28,{"v":1042.8,"d":"1,042.80"}]
["LACTATO EN RINGER","FRASCO",100,0,75,25,{"v":23.9,"d":"23.90"},{"v":597.5,"d":"597.50"}]
["Lasurtin","FRASCO",0,0,0,0,17.45,0]
["LIDOCAINA S/E","FRASCO",35,0,30,5,13.79,{"v":68.94999999999999,"d":"68.95"}]
["LISINOPRIL","TABLETA",0,0,0,0,0.37,0]
["Loratadina jarave","FRASCO",0,0,0,0,17.05,0]
["Loratadina p","TABLETA",0,0,0,0,0.34,0]
["Lovofloxacina","CAJA ",0,0,0,0,48.99,0]
["Lozartan 50 mg","TABLETA",50,0,0,50,0.39,{"v":19.5,"d":"19.50"}]
["Meformina 500","TABLETA",200,0,200,0,0.47,0]
["METRONIDASOL","TABLETA",0,0,0,0,0.45,0]
["METRONIDAZOL","FRASCO",20,0,0,20,{"v":2,"d":"2.00"},{"v":40,"d":"40.00"}]
["N - BUTIL","TABLETA",800,0,750,50,1.56,{"v":78,"d":"78.00"}]
["Nifedipia 10mg","TABLETA",0,0,0,0,{"v":0.9,"d":"0.90"},0]
["NIFEDIPINA 20MG","TABLETA",0,0,0,0,0.1,0]
["NITROFORAZONA","TARRO",2,0,0,2,{"v":15,"d":"15.00"},{"v":30,"d":"30.00"}]
["Omeprazol casula","CAPSULA",300,500,100,700,0.39,{"v":273,"d":"273.00"}]
["OMEPRAZOL INYECTABLE","FRASCO",200,100,300,0,{"v":3,"d":"3.00"},0]
["PENICILINA 6.33","AMPOLLA",200,0,0,200,{"v":5,"d":"5.00"},{"v":1000,"d":"1,000.00"}]
["PENICILINA BENZETACINICA ","FRASCO",0,0,0,0,{"v":10,"d":"10.00"},0]
["PENICILINA BENZETACINICA 1.2","FRASCO",300,100,300,100,{"v":6,"d":"6.00"},{"v":600,"d":"600.00"}]
["PENICILINA BENZETACINICA 2.4","FRASCO",400,100,300,200,{"v":10,"d":"10.00"},{"v":2000,"d":"2,000.00"}]
["PENICILINA CRISTALINA","AMPOLLA",300,0,255,45,{"v":6,"d":"6.00"},{"v":270,"d":"270.00"}]
["PENICILINA CRISTALINA","AMPOLLA",280,0,260,20,{"v":5,"d":"5.00"},{"v":100,"d":"100.00"}]
["PENICILINA PROCAINICA","AMPOLLA",400,0,360,40,{"v":5,"d":"5.00"},{"v":200,"d":"200.00"}]
["PENICILINA PROCAINICA ","FRASCO",0,0,0,0,{"v":5,"d":"5.00"},0]
["PENICILINA PROCAINICA  4.0","FRASCO",400,100,380,120,{"v":401,"d":"401.00"},{"v":48120,"d":"48,120.00"}]
["PERMETRINA CREMA","TUBO",0,0,0,0,23.09,0]
["RANITIDINA","AMPOLLA",50,0,50,0,{"v":2,"d":"2.00"},0]
["SALBUTAMOL","FRASCO",30,0,10,20,{"v":23,"d":"23.00"},{"v":460,"d":"460.00"}]
["SALES DE REHIDRATE","SOBRE",300,0,250,50,{"v":5,"d":"5.00"},{"v":250,"d":"250.00"}]
["SOLUCION MIXTA AL 3.33","FRASCO",105,0,75,30,{"v":25,"d":"25.00"},{"v":750,"d":"750.00"}]
["SOLUCION SALINA","FRASCO",150,200,210,140,{"v":20,"d":"20.00"},{"v":2800,"d":"2,800.00"}]
["Sulfaderm crema","TUBO",0,0,0,0,{"v":110,"d":"110.00"},0]
["SULFANIACINA","TARRO",0,0,0,0,{"v":40,"d":"40.00"},0]
["Tramador","AMPOLLA",0,0,0,0,5.08,0]
["Trimetropi p","TABLETA",0,0,0,0,{"v":1.8,"d":"1.80"},0]
["VANCOMICINA","AMPOLLA",250,0,250,0,{"v":68,"d":"68.00"},0]
["Vitamina A Y D","PERLA",0,0,0,0,1,0]
["vitamina E 400 mg","PERLA",0,0,0,0,1,0]
["VITAMINA K","AMPOLLA",100,0,0,100,{"v":30,"d":"30.00"},{"v":3000,"d":"3,000.00"}]
[{"$nulls":4},"TOTAL",null,null,{"v":97815,"d":"97,815.00"}]
[]
[]
[]
[]
[]
["DIRECTOR(A)",null,"ADMINISTRADOR",null,null,"NOMBRE ENC. ALMACEN"]

{"sheet":"Materales","index":1,"n_rows":53,"n_cols":8,"rows_kept":53,"merged":[[5,1,6,1],[5,2,6,2],[5,3,6,3],[5,4,6,4],[5,5,6,5],[5,6,6,6],[5,7,6,7],[9,1,9,4],[9,6,9,7],[10,1,10,2],[46,4,46,6],[51,2,51,3],[52,2,52,3],[52,5,52,7]],"flags":["formulas_cached_only"]}
{"$rows_empty":8}
[null,null,"Servicio Nacional de salud"]
["ESTABLECIMIENTO:","HOSPITAL MUNICIPAL JOSE CONTRERAS",{"$nulls":3},"REGION :","II"]
["ALMACEN:","FARMACIA",null,"MES:                                                                          ","OCTUBRE ",null,"AÑO:",2025]
[]
["ARTICULOS                 -1-","UNIDAD","EXISTENCIA        ANTERIOR              -3-    ","ENTRADA             -4-  ","EXISTENCIA FINAL                 -5-","TOTAL CONSUMIDO          (3+4)-5              -6-","VALOR UNITARIO          -7-","VALOR TOTAL  (6X7)                 -8-"]
[" CATETER #20","UNIDAD",100,200,75,225,21.34,{"v":4801.5,"d":"4,801.50"}]
["ALCOHOL","GALON",15,5,17,3,{"v":206,"d":"206.00"},{"v":618,"d":"618.00"}]
["ALGODÓN ROLLO","ROLLO",25,20,38,7,{"v":118,"d":"118.00"},{"v":826,"d":"826.00"}]
["BACTERIODINE","GALON",10,10,16,4,{"v":3.5,"d":"3.50"},{"v":14,"d":"14.00"}]
["BAJA LENGUA","CAJA ",45,0,38,7,38.87,272.09]
["BAJANTE DE SUERO","UNIDAD",1000,0,850,150,{"v":9,"d":"9.00"},{"v":1350,"d":"1,350.00"}]
["CATETER #24","UNIDAD",580,200,675,105,{"v":22,"d":"22.00"},{"v":2310,"d":"2,310.00"}]
["CATETER I.V #22","UNIDAD",500,0,300,200,{"v":38.5,"d":"38.50"},{"v":7700,"d":"7,700.00"}]
["CATETER I.V CORTO 18","UNIDAD",150,200,300,50,{"v":22,"d":"22.00"},{"v":1100,"d":"1,100.00"}]
["ESPARATRAPO","TUBO",20,0,15,5,{"v":118,"d":"118.00"},{"v":590,"d":"590.00"}]
["GASA 36 X 100","ROLLO",0,0,0,0,{"v":745,"d":"745.00"},0]
["GUANTE DE EXAMEN","CAJA ",0,0,0,0,{"v":216,"d":"216.00"},0]
["GUANTE QUIRURGICO","CAJA",0,0,0,0,10.74,0]
["HOJAS DE BISTURI","UNIDAD",0,0,0,0,126.66,0]
["HOJAS DE BISTURI #21","UNIDAD",15,0,14,1,126.66,126.66]
["HOJAS DE BISTURI #22","UNIDAD",0,0,0,0,126.66,0]
["HOJAS DE BISTURI #23","UNIDAD",0,0,0,0,126.66,0]
["JERINGA DE 10CC","UNIDAD",{"v":1200,"d":"1,200"},0,850,350,{"v":4,"d":"4.00"},{"v":1400,"d":"1,400.00"}]
["JERINGA DE 20CC","UNIDAD",500,800,450,850,{"v":4,"d":"4.00"},{"v":3400,"d":"3,400.00"}]
["JERINGA DE 3CC","UNIDAD",650,2400,600,2450,{"v":2,"d":"2.00"},{"v":4900,"d":"4,900.00"}]
["JERINGA DE 5CC","UNIDAD",0,0,0,0,{"v":3.8,"d":"3.80"},0]
["JERINGA DE INSULINA","UNIDAD",133,1000,1000,133,1.13,150.29]
["LUBRICANTE","TUBO",75,0,70,5,{"v":92.6,"d":"92.60"},{"v":463,"d":"463.00"}]
["MARIPOSITA #21","UNIDAD",410,0,200,210,8.25,{"v":1732.5,"d":"1,732.50"}]
["MARIPOSITA #25","UNIDAD",225,0,100,125,{"v":1.5,"d":"1.50"},{"v":187.5,"d":"187.50"}]
["MARIPOSITA N 23","ROLLO",200,0,100,100,{"v":2,"d":"2.00"},{"v":200,"d":"200.00"}]
["MASCARILLA NEBULIZANTE","UNIDAD",100,0,100,0,{"v":30,"d":"30.00"},0]
["MASCARILLA NEBULIZANTE","UNIDAD",75,0,50,25,{"v":30,"d":"30.00"},{"v":750,"d":"750.00"}]
["SONDA #18","UNIDAD",25,0,20,5,{"v":20,"d":"20.00"},{"v":100,"d":"100.00"}]
["SONDA FOLEY #14","UNIDAD",18,0,10,8,14.33,114.64]
["SONDA FOLEY #23","UNIDAD",20,0,15,5,{"v":15,"d":"15.00"},{"v":75,"d":"75.00"}]
["Z-O BASE PAPEL","TUBO",50,0,20,30,{"v":21.9,"d":"21.90"},{"v":657,"d":"657.00"}]
["Z-O BASE PLASTICO","TUBO",25,0,20,5,{"v":21.9,"d":"21.90"},{"v":109.5,"d":"109.50"}]
[{"$nulls":4},"TOTAL",null,null,{"v":33947.68,"d":"33,947.68"}]
[]
[]
[]
[]
[]
["DIRECTOR(A)",null,"ADMINISTRADOR",null,null,"NOMBRE ENC. ALMACEN"]